Statistics for Most Populous First-Level Subdivisions In The World

Click here to take the quiz!

General Stats

  • This quiz has been taken 31 times
  • The average score is 28 of 50

Answer Stats

Pop.AnswerCountry% Correct
39.5 milCaliforniaUnited States
100%
29.1 milTexasUnited States
96%
56.2 milEnglandUnited Kingdom
89%
231.7 milUttar PradeshIndia
89%
126.0 milGuangdongChina
79%
46.8 milSão PauloBrazil
79%
109.9 milPunjabPakistan
75%
30.4 milPunjabIndia
75%
70.0 milGujaratIndia
71%
42.7 milDhaka DivisionBangladesh
68%
98.2 milWest BengalIndia
68%
40.1 milEast JavaIndonesia
64%
57.7 milHubeiChina
64%
76.4 milTamil NaduIndia
64%
50.1 milWest JavaIndonesia
64%
84.8 milMadhya PradeshIndia
61%
79.5 milRajasthanIndia
61%
83.6 milSichuanChina
61%
74.6 milHebeiChina
57%
66.4 milHunanChina
57%
35.1 milAssamIndia
54%
31.8 milHeilongjiangChina
54%
99.3 milHenanChina
54%
66.9 milKarnatakaIndia
54%
35.6 milKeralaIndia
54%
124.7 milMaharashtraIndia
54%
44.0 milOdishaIndia
54%
34.7 milChittagong DivisionBangladesh
50%
84.7 milJiangsuChina
50%
39.3 milShaanxiChina
50%
101.5 milShandongChina
50%
34.9 milShanxiChina
50%
47.8 milSindhIndia
50%
52.8 milAndhra PradeshIndia
46%
47.2 milYunnanChina
46%
61.0 milAnhuiChina
43%
123.6 milBiharIndia
43%
35.0 milCentral JavaIndonesia
43%
32.0 milChongqingChina
43%
50.3 milGuangxiChina
43%
42.5 milLiaoningChina
43%
41.5 milFujianChina
39%
41.1 milJiangxiChina
39%
64.4 milZhejiangChina
39%
38.5 milGuizhouChina
36%
38.7 milJharkhandIndia
36%
35.7 milTelanganaIndia
36%
29.6 milHaryanaIndia
32%
35.4 milOromiaEthiopia
32%
35.5 milKhyber PakhtunkhwaPakistan
29%

Score Distribution

Percentile by Number Answered

Percent of People with Each Score

Your Score History

You have not taken this quiz